Detalles MARC
| 000 -LIDER |
| fixed length control field |
01012cam a2200325 i 4500 |
| 001 - NÚMERO DE CONTROL |
| Identificador de número de control |
0000501 |
| 003 - IDENTIFICACDOR DE NÚMERO DE CONTROL |
| control field |
DO-SdBPM |
| 005 - DATE AND TIME OF LATEST TRANSACTION |
| control field |
20250107114150.0 |
| 007 - CAMPOS FIJOS DE DESCRIPCIÓN FÍSICA |
| fixed length control field |
0000501 |
| 008 - ELEMENTOS DE LONGITUD FIJA |
| fixed length control field |
100514s1987 sp || 000 f spa |
| 015 ## - NÚMERO DENTRO DE LA BIBLIOGRAFÍA NACIONAL |
| National bibliography number |
|
| 017 ## - NÚMERO DE REGISTRO DE DERECHOS DE AUTOR |
| Copyright or legal deposit number |
|
| Assigning agency |
|
| 020 ## - ISBN |
| International Standard Book Number |
8440200684 |
| 035 ## - NÚMERO LOCAL |
| System control number |
|
| 040 ## - FUENTE DE CATALOGACIÓN |
| Agencia que crea de manera original el registro |
DO-SdBPM |
| Idioma de catalogación |
spa |
| Agencia que realiza la transcripción |
BPMSU |
| Convenciones de la despripción |
|
| 080 ## - NÚMERO DE CLASIFICACIÓN DECIMAL UNIVERSAL |
| Universal Decimal Classification number |
|
| 082 #4 - NÚMERO DE CLASIFICACIÓN DECIMAL DE DEWEY |
| Classification number |
843.8 |
| Item number |
V531J 1987 |
| Edition number |
22 |
| 100 1# - ASIENTO PRINCIPAL -- NOMBRE PERSONAL |
| Nombre personal |
Verne, Julio, |
| Fechas asociadas con el nombre |
1828-1905 |
| 240 13 - TITULO UNIFORME |
| Título uniforme |
L´ Etoile du sud. Le pays des diamants |
| Idioma de una obra |
Español |
| 245 13 - MENCIÓN DE TITULO |
| Título |
Juliob Verne : |
| Subtítulo |
La estrella del : Sur (el país de los diamantes) / |
| Mención de responsabilidad |
Julio Verne ; traducción editora Molino |
| Medio (Designación general de material) |
|
| 260 ## - PUBLICACIÓN, DISTRIBUCIÓN, ETC. (PIE DE IMPRENTA) |
| Lugar de publicación, distribución, etc |
Barcelona: |
| Nombre del editor, distribuidor, etc. |
Ediciones Orbis, |
| Fecha de publicación, distribución, etc |
1987. |
| 300 ## - DESCRIPCIÓN FÍSICA |
| Extensión |
287 p.: |
| Otros detalles físicos |
il. ; |
| Dimensiones |
20 cm |
| 490 0# - MENCIÓN DE SERIES |
| Mención de serie |
Julio Verne, |
| Volume/sequential designation |
55 |
| 500 ## - NOTA GENERAL |
| Materiales especificados |
Título original en francés: L´ Etoile du sud. Le pays des diamants |
| 590 ## - NOTA LOCAL |
| Texto de la nota local |
Inventariado, 2025/VM |
| 650 #4 - ENCABEZAMIENTO DE MATERIA--TEMÁTICO |
| Término temático o nombre geográfico como elemento de entrada |
Novela juvenil francesa |
| 650 #4 - ENCABEZAMIENTO DE MATERIA--TEMÁTICO |
| Término temático o nombre geográfico como elemento de entrada |
Literatura juvenil francesa |
| 910 ## - VALIDACIÓN |
| Validación |
VMateo V./ Control de calidad MFF |
| 942 ## - ADDED ENTRY ELEMENTS (KOHA) |
| Source of classification or shelving scheme |
Dewey Decimal Classification |
| Koha item type |
Libros |